Normal view MARC view
  • Haris Suhail | Osama Waqar Bhatti | Uzair Akbar

Entry Personal Name

Number of records used in: 3

001 - CONTROL NUMBER

  • control field: 5082

003 - CONTROL NUMBER IDENTIFIER

  • control field: NUST

005 - DATE AND TIME OF LATEST TRANSACTION

  • control field: 20170928132118.0

008 - FIXED-LENGTH DATA ELEMENTS

  • fixed length control field: 170928|| aca||aabn | a|a d

040 ## - CATALOGING SOURCE

  • Original cataloging agency: NUST
  • Transcribing agency: NUST

100 ## - HEADING--PERSONAL NAME

  • Personal name: Haris Suhail | Osama Waqar Bhatti | Uzair Akbar

670 ## - SOURCE DATA FOUND

  • Source citation: Work cat.: (NUST): Haris Suhail | Osama Waqar Bhatti | Uzair Akbar, Performance analysis of multi-tier hybrid networks, 2017
© 2023 Central Library, National University of Sciences and Technology. All Rights Reserved.